| 000 | 00988nam a22003017a 4500 | ||
|---|---|---|---|
| 001 | 5841 | ||
| 003 | FISKH | ||
| 005 | 20250131123258.0 | ||
| 008 | 250124b cb ||||| |||| 00| 0 eng d | ||
| 020 | _a9780590108249 | ||
| 040 |
_aFISKH _beng _cFISKH _dFISKH |
||
| 050 | _aQ126.C65 | ||
| 082 | _a507.8 | ||
| 100 |
_aCole, Joanna _d(1944–2020) |
||
| 245 |
_aThe magic school bus : _bAnd the science fair expedition / _cBy Joanna Cole ; Illustrated by Bruce Degen |
||
| 250 | _aFirst edition in 2006 | ||
| 260 |
_aNew York : _bScholastic, _c2006. |
||
| 300 |
_a48 pages : _bcolor illustrations ; _c22 cm |
||
| 505 | _aN | ||
| 520 | _aMs. Frizzle takes the gang on a tour through the history of science so they can get ideas for their science expedition. | ||
| 521 | 8 |
_a530
_bLexile |
|
| 521 | 8 |
_aN
_bRaz-Plus |
|
| 650 |
_2Science fair _aPicture book |
||
| 650 |
_2Non-fiction _aExperiments |
||
| 700 |
_aDegen, Bruce _dillustrator |
||
| 942 |
_2ddc _cBK _n0 |
||
| 999 |
_c5841 _d5841 |
||